| 000 | 00568nam a2200193Ia 4500 | ||
|---|---|---|---|
| 003 | OSt | ||
| 005 | 20200814144713.0 | ||
| 008 | 190216s9999||||xx |||||||||||||| ||und|| | ||
| 020 | _a8122405703 | ||
| 040 | _coclc | ||
| 082 |
_a541.223 _bNAS/S |
||
| 100 |
_aNasipuri,D _9115 |
||
| 245 | 0 |
_aStereochemistry Of Organic Compounds : _bPrinciples and Applications / _cD Nasipuri |
|
| 250 | _a2nd Ed. | ||
| 260 |
_bWiley Eastern Ltd, _c1994. _aNew Delhi: |
||
| 300 | _a564p | ||
| 650 | _aChemistry | ||
| 942 |
_cBK _2ddc _h541.223 _iNAS/S _k541.223 _mNAS/S |
||
| 999 |
_c2784 _d2784 |
||